Statistiques concernant Bande dessinée par pays d'origine

Cliquez ici pour prendre le quiz!

Statistiques générales

  • Ce quiz a été pris 102 fois
  • Le résultat moyen est 7 sur 16

Statistiques - réponses

HintRéponse% Correct
Dragon BallJapon
100%
AstérixFrance
99%
BatmanÉtats-Unis
98%
TintinBelgique
95%
TiteufSuisse
75%
Judge DreddRoyaume-Uni
57%
La Famillia BurrónMexique
31%
Oriental HeroesChine
28%
Solo levelingCorée du Sud
27%
Mortadel et FilémonEspagne
26%
DiabolikItalie
25%
Conrad et PaulAllemagne
22%
SenninhaBrésil
22%
Red KetchupCanada
18%
Tom PoucePays-Bas
18%
Major GromRussie
8%

Distribution des résultats

Percentile par nombre de réponses

% des personnes avec chaque résultat

Votre développement - résultats

Vous n’avez pas pris ce quiz